Actors who played the same role - Statistics

General Stats
  • This quiz has been taken 61 times
  • The average score is 16 of 31
Answer Stats
Hint Answer % Correct
Tobey Maguire Andrew Garfield Tom Holland Peter Parker / Spider-Man
98%
Jack Nicholson Heath Ledger Jared Leto Joaquin Phoenix The Joker
96%
Sean Connery George Lazenby Roger Moore Timothy Dalton Pierce Brosnan Daniel Craig James Bond
94%
Michael Keaton Val Kilmer George Clooney Christian Bale Ben Affleck Robert Pattinson Bruce Wayne / Batman
91%
Christopher Reeves Brandon Routh Henry Cavill Clark Kent / Superman
85%
Eric Bana Edward Norton Mark Ruffalo Bruce Banner / Hulk
76%
Robert Downey Jr Benedict Cumberbatch Sherlock Holmes
76%
David Prowse James Earl Jones Sebastian Shaw Jake Lloyd Hayden Christensen Anakin Skywalker / Darth Vader
72%
Gene Wilder Johnny Depp Timothée Chalamet Willy Wonka
70%
Angelina Jolie Alicia Vikander Lara Croft
65%
Bela Lugosi Christopher Lee Gary Oldman Dracula
63%
Alec Guinness Ewan McGregor Obi-Wan Kenobi
61%
Mel Gibson Tom Hardy Max Rockatansky
59%
Richard Harris Michael Gambon Jude Law Albus Dumbledore
57%
Willima Shatner Chris Pine James Tiberius Kirk
57%
Anthony Hopkins Gaspard Ulliel Mads Mikkelsen Hannibal Lecter
52%
Ian Holmes Martin Freeman Bilbo Baggins
50%
Tim Curry Bill Skarsgård Pennywise / It
43%
Marlon Brando Robert DeNiro Vito Corleone
43%
Grant Gustin Ezra Miller Barry Allen / The Flash
41%
Linda Hamilton Lena Headey Emilia Clarke Sarah Connor
41%
Kevin Costner Russell Crowe Robin Hood
33%
Edward Furlong Nick Stahl Christian Bale Jason Clarke John Connor
28%
Kyle MacLachlan Timothée Chalamet Paul Atreides
28%
Peter Weller Joel Kinnaman Robocop
28%
Charlize Theron Anya Taylor Joy Imperator Furiosa
24%
Edward Norton Brad Pitt Tyler Durden
24%
Michael Gough Michael Caine Jeremy Irons Andy Serkis Alfred Pennyworth
22%
Johnny Depp Mads Mikkelsen Gellert Grindelwald
11%
Bryce Dallas Howard Emma Stone Gwen Stacey
6%
Rachel Weisz Maria Bello Evy O'Connell
4%
No matching quizzes found
Score Distribution
Percent of People with Each Score
Percentile by Number Answered
Your Score History
You have not taken this quiz